Which Philosopher by Picture - Statistics

General Stats
  • This quiz has been taken 218 times
  • The average score is 18 of 32
Answer Stats
Picture Hint Answer % Correct
Germany : 1844-1900 Friedrich Nietzsche
91%
Greece : 470BC-399BC Socrates
91%
Germany : 1818-1883 Karl Marx
90%
France : 1596-1650 René Descartes
89%
England : 1632-1704 John Locke
80%
China : 551BC-479BC Confucius
79%
Germany : 1724-1804 Immanuel Kant
77%
Florence : 1469-1527 Niccolo Machiavelli
75%
France : 1905-1980 Jean-Paul Sartre
74%
Greece : 384BC-322BC Aristotle
73%
Germany : 1788-1860 Arthur Schopenhauer
71%
France : 1908-1986 Simone de Beauvoir
70%
Germany : 1889-1976 Martin Heidegger
66%
France : 1694-1778 Voltaire
65%
Germany : 1770-1831 Georg Hegel
64%
Austria : 1889-1951 Ludwig Wittgenstein
61%
United Kingdom : 1872-1970 Bertrand Russell
59%
Rome/Algeria : 354-430 Augustine of Hippo
57%
Italy : 1225-1274 Saint Thomas Aquinas
53%
France : 1926-1984 Michel Foucault
51%
Russia-USA : 1905-1982 Ayn Rand
49%
USA : 1928- Noam Chomsky
44%
France : 1930-2004 Jacques Derrida
41%
England : 1806-1873 John Stuart Mill
41%
Rome : 4BC-65AD Lucius Seneca
38%
Italy : 1891-1937 Antonio Gramsci
34%
Germany : 1903-1969 Theodor Adorno
26%
Germany : 1929- Jurgen Habermas
23%
Russia : 1814-1876 Mikhail Bakunin
19%
USA : 1817-1862 Henry David Thoreau
17%
France : 1929-2007 Jean Baudrillard
16%
France : 1809-1865 Pierre-Joseph Proudhon
10%
No matching quizzes found
Score Distribution
Percent of People with Each Score
Percentile by Number Answered
Your Score History
You have not taken this quiz